000 00597nam a22001817a 4500
003 OSt
005 20260202091501.0
008 260202b |||||||| |||| 00| 0 eng d
020 _a0-7817-1742-6
040 _aDWC-Main lib.
_cOC
082 _aCirc. 610.73 C224n 1999
100 _aCarpenito, Lynda Juall
245 _aNursing care plans & documentation:
_bnursing diagnoses & collaborative problems/
_cLynda Juall Carpenito
260 _aPhiladelphia:
_b Lippincott ;
_cc. 1999.
300 _axx, 825 p. ;
_c 27 cm
504 _aincludes appendix and index
942 _2ddc
_cBK-CIRC
_hCirc.
_n0
999 _c8147
_d8147